000 00547nam a2200193Ia 4500
005 20250923145349.0
008 008 250917s9999 xx 000 0 eng d
037 _aTextual
040 _aDSWL
_beng
_cDSWL
041 _aeng
_2eng
084 _aX:75x2, N77
_qDSWL
245 0 _aEconomic revolution on India
_c Ed. by S.D. Punekar
260 _aBombay
_bHimalaya Publishing House
_c1977
300 _axvi,587 p.
365 _aINR
_b55 . 0
925 _g55 . 0
942 _cTEXL
_hX:75x2, N77
999 _c1450484
_d1450484